Stavebníctvo Komerčná príloha

Z obsahu prílohy: 1. Kvalitné a ekologické výrobky ako základ a podmienka kvalitnej stavby. 2. Nové technológie v stavebnej výrobe. 3. Poradný zbor pre mechanizáciu stavebníctva.

Gespeichert in:
Bibliographische Detailangaben
Format: Buchkapitel
Sprache:Slowakisch
Schlagworte:
Tags: Tag hinzufügen
Keine Tags, Fügen Sie das erste Tag hinzu!

MARC

LEADER 00000naa a2200000 4500
001 r020973
005 20230919112353.0
041 0 |a slo 
044 |a SK 
245 1 0 |a Stavebníctvo  |b Komerčná príloha 
520 |a Z obsahu prílohy: 1. Kvalitné a ekologické výrobky ako základ a podmienka kvalitnej stavby. 2. Nové technológie v stavebnej výrobe. 3. Poradný zbor pre mechanizáciu stavebníctva. 
610 2 0 |a stavebníctvo 
610 2 0 |a výroba stavebná 
610 2 0 |a technológie nové 
610 2 0 |a mechanizácia 
610 2 0 |a stroje stavebné 
610 2 0 |a firmy